000 00407nam a2200181Ia 4500
001 14405
005 20260306164912.0
008 260306t1995||||xx |||||||||||||| ||spa||
041 _aESP
082 _a512.727
_bN86
100 _aNovo, Sylvia
_eAUT
245 0 _aEcuaciones y Sistemas Diferenciales
260 _c1995
300 _a
_c
650 _aGEN
654 _aCMA
942 _cLIB
_dJUS
_fJUS
_2ddc
_n
999 _c14405
_d14405